000 00674nam a22002417a 4500
001 0201004579
003 DO-SdBNP
005 20180221102933.0
007 0201004579
008 161213b 2002 sp a ||||| |||| 00| 0 spa d
020 _a8421690795
040 _aBPMSU
_bspa
_cBPMSU
100 1 _aBabarro, Xoán
245 1 0 _aLa estrella bonita /
_cXoán Babarro, Ma. Luisa Torcida.
260 _aMadrid :
_bBruño,
_c [2002].
300 _a12 p. :
_bil. ;
_c22 cm.
490 1 _aMascotas
_v2
700 1 _aTorcida, Ma. Luisa
830 0 _aMascotas ;
_v2
942 _2ddc
_cBK
945 _aInventariado, 2018/MFF
956 _2LOPEREZ
_310
_620161213
_8BPMSU
_a00041
999 _c12399
_d12399